Can budget ambiguity crowd out intrinsic motivation? Longitudinal evidence from federal executive departments (Record no. 515072)

000 -LEADER
fixed length control field 01495nam a22001577a 4500
008 - FIXED-LENGTH DATA ELEMENTS--GENERAL INFORMATION
fixed length control field 210109b ||||| |||| 00| 0 eng d
100 ## - MAIN ENTRY--PERSONAL NAME
Personal name Shon, J, Porumbescu, G.A and Christensen, R.K.
245 ## - TITLE STATEMENT
Title Can budget ambiguity crowd out intrinsic motivation? Longitudinal evidence from federal executive departments
260 ## - PUBLICATION, DISTRIBUTION, ETC. (IMPRINT)
Place of publication, distribution, etc Public Administration
300 ## - PHYSICAL DESCRIPTION
Extent 98(1), 2020: p.194-209
520 ## - SUMMARY, ETC.
Summary, etc While some scholars have assessed how various features of organizational structure shape intrinsic motivation, the role of budgets and, in particular, programme funding has been overlooked. To address this gap in the literature, we examine how programme funding decisions impact employee motivation. Referencing previous work, we hypothesize that funding choices that emphasize some programmes over others signal clearer organizational goals for employees, thereby increasing intrinsic motivation. In contrast, departments that do not use their budgets to signal clear goals can run the risk of reducing their employees’ intrinsic motivation. We empirically investigate this hypothesis within the context of the US Federal executive departments, constructing a longitudinal dataset (2010–15) from multiple sources. Findings support our hypothesis. Employees in departments that more evenly fund their programmes report lower levels of intrinsic motivation. - Reproduced
650 ## - SUBJECT ADDED ENTRY--TOPICAL TERM
Topical term or geographic name as entry element Employee
9 (RLIN) 23618
773 ## - HOST ITEM ENTRY
Main entry heading Public Administration
906 ## - LOCAL DATA ELEMENT F, LDF (RLIN)
Subject DIP MOTIVATION
942 ## - ADDED ENTRY ELEMENTS (KOHA)
Item type Articles
Holdings
Withdrawn status Lost status Source of classification or shelving scheme Damaged status Not for loan Permanent location Current location Date acquired Serial Enumeration / chronology Barcode Date last seen Koha item type
          Indian Institute of Public Administration Indian Institute of Public Administration 2021-01-09 98(1), 2020: p.194-209 AR123850 2021-01-09 Articles

Powered by Koha